000 00316nam a2200121Ia 4500
008 220204s9999 xx 000 0 und d
082 _a57(26)
_bMCC
100 _aMCCONNAUGHEY, Bayard H
245 0 _aIntroduction to marine biology
260 _aSaint Louis
_bCV Mosby
_c1970
650 _aMarine biology
942 _cBK
999 _c23757
_d23757